000 01081nam a22002417a 4500
005 20240530110628.0
008 170110s2015 ua a g b 000 0 ara d
017 _a2014/20651
_bمصر. دار الكتب
020 _a9789773222410
040 _aEG-CaGPL
_cEG-CaGPL
082 0 4 _221
_a224.2\
_bس إ
100 0 _aسعيد اكنبى عالمى .
245 1 2 _aالاحتمال الدلالى فى القران الكريم :
_bاليات التأويل و اشكاليات الترجمة /
_cتاليف سعيد اكنبى عالمى ؛ تقديم سعد عبدالعزيز مصلوح .
250 _aط.1
260 _aالقاهرة :
_bعين للدراسات و البحوث الانسانية و الاجتماعية ،
_c2015 .
300 _a256 ص ؛
_c24 سم .
504 _aببليوجرافية : ص 239 - 256
650 0 7 _2qrmak
_aالقران الكريم .
650 0 7 _2qrmak
_aالقران الكريم
_xترجمة .
700 0 _aسعد عبدالعزيز مصلوح
_eمقدم .
942 _2ddc
_cBK
999 _c63190
_d63190